[Event "CZE-ch Juniors op-A"]
[Site "Sec u Chrudimi"]
[Date "2007.03.17"]
[Round "9"]
[White "Vecera, Petr"]
[Black "Klain, Vaclav"]
[Result "0-1"]
[WhiteElo "1766"]
[BlackElo "1927"]
[PlyCount "112"]
[EventDate "2007.03.10"]
[EventType "swiss"]
[EventRounds "9"]
[EventCountry "CZE"]
[SourceTitle "EXT 2008"]
[Source "ChessBase"]
[SourceDate "2007.11.25"]
[SourceVersion "1"]
[SourceVersionDate "2007.11.25"]
[SourceQuality "1"]

1. e4 e5 2. Nf3 Nf6 3. Nxe5 d6 4. Nf3 Nxe4 5. d4 d5 6. Bd3 Bd6 7. 0-0 0-0 8. Bd2 Bg4 9. h3 Bxf3 10. Qxf3 Nxd2 11. Nxd2 Qg5 12. Qf5 Qxf5 13. Bxf5 g6 14. Bd3 Nd7 15. c3 Rfe8 16. Rfe1 Kg7 17. Kf1 Bf4 18. Nf3 f6 19. Rxe8 Rxe8 20. Re1 Rxe1+ 21. Kxe1 Nb6 22. Kd1 Nc8 23. g3 Bh6 24. Ke2 Nd6 25. Nd2 Bxd2 26. Kxd2 f5 27. Ke3 Kf6 28. f3 g5 29. b3 h6 30. Bf1 f4+ 31. gxf4 Nf5+ 32. Kd3 gxf4 33. c4 Ng3 34. Bg2 c6 35. a3 Kg5 36. cxd5 cxd5 37. Kc3 a5 38. b4 b6 39. bxa5 bxa5 40. Kb3 Nf5 41. Ka4 Nxd4 42. Kxa5 Nc2 43. a4 Ne3 44. Kb5 d4 45. a5 d3 46. a6 d2 47. a7 d1Q 48. a8Q Qd5+ 49. Qxd5+ Nxd5 50. Bf1 Kh4 51. Kc5 Ne3 52. Bb5 Kxh3 53. Kd4 h5 54. Ke4 Kg3 55. Bd7 h4 56. Be6 Nf1 0-1

[Event "CZE-ch Juniors op-A"]
[Site "Sec u Chrudimi"]
[Date "2007.03.12"]
[Round "3"]
[White "Hlavac, Rudolf"]
[Black "Klain, Vaclav"]
[Result "1/2-1/2"]
[WhiteElo "2082"]
[BlackElo "1927"]
[PlyCount "32"]
[EventDate "2007.03.10"]
[EventType "swiss"]
[EventRounds "9"]
[EventCountry "CZE"]
[SourceTitle "EXT 2008"]
[Source "ChessBase"]
[SourceDate "2007.11.25"]
[SourceVersion "1"]
[SourceVersionDate "2007.11.25"]
[SourceQuality "1"]

1. e4 c5 2. Nf3 Nc6 3. d4 cxd4 4. Nxd4 d6 5. c4 Nf6 6. Nc3 g6 7. Be2 Bg7 8. Be3 0-0 9. 0-0 Bd7 10. Rc1 Nxd4 11. Bxd4 Bc6 12. f3 Nd7 13. Kh1 Bxd4 14. Qxd4 Qb6 15. Qd2 Nc5 16. b3 a5 1/2-1/2

[Event "Czechia KP-chTA 0607"]
[Site "Czech Republic"]
[Date "2007.03.04"]
[Round "9.5"]
[White "Brecka, Frantisek"]
[Black "Klain, Vaclav"]
[Result "1/2-1/2"]
[WhiteElo "1970"]
[BlackElo "1961"]
[PlyCount "101"]
[EventDate "2006.10.29"]
[EventType "team"]
[EventRounds "11"]
[EventCountry "CZE"]
[SourceTitle "EXT 2008"]
[Source "ChessBase"]
[SourceDate "2007.11.25"]
[SourceVersion "1"]
[SourceVersionDate "2007.11.25"]
[SourceQuality "1"]
[WhiteTeam "Melnik"]
[BlackTeam "Emerge MB B"]
[WhiteTeamCountry "CZE"]
[BlackTeamCountry "CZE"]

1. e4 e5 2. Nf3 Nf6 3. Nc3 Nc6 4. Bc4 h6 5. 0-0 Bc5 6. d3 0-0 7. Be3 Bxe3 8. fxe3 d6 9. d4 Qe7 10. Nd5 Nxd5 11. exd5 Na5 12. Be2 e4 13. Ne1 b6 14. b4 Nb7 15. c4 Qg5 16. Rf4 f5 17. Nc2 Qe7 18. g3 g5 19. Rf2 Bd7 20. a4 a5 21. b5 Rf6 22. Qd2 Raf8 23. Raf1 Nd8 24. Re1 g4 25. Bf1 Nf7 26. Bg2 Ng5 27. Rf4 h5 28. Qf2 Rg6 29. Kf1 h4 30. Ke2 Nf3 31. Rh1 Qg7 32. Kd1 Ng5 33. gxh4 Nh3 34. Bxh3 gxh3 35. Ne1 Kh7 36. h5 Rg4 37. Rf1 Kh6 38. Kd2 Rg8 39. Rxg4 Qxg4 40. Qf4+ Qxf4 41. Rxf4 Rg2+ 42. Kd1 Kxh5 43. Rf1 Rxh2 44. Rg1 Kh6 45. Rg8 f4 46. exf4 Ra2 47. Nc2 Bf5 48. Ne3 Bh7 49. Ng4+ Kh5 50. Nf6+ Kh6 51. Ng4+ 1/2-1/2

[Event "Czechia KP-chTA 0607"]
[Site "Czech Republic"]
[Date "2006.10.29"]
[Round "1.6"]
[White "Stanek, Frantisek"]
[Black "Klain, Vaclav"]
[Result "0-1"]
[WhiteElo "1745"]
[BlackElo "1961"]
[PlyCount "48"]
[EventDate "2006.10.29"]
[EventType "team"]
[EventRounds "11"]
[EventCountry "CZE"]
[SourceTitle "EXT 2008"]
[Source "ChessBase"]
[SourceDate "2007.11.25"]
[SourceVersion "1"]
[SourceVersionDate "2007.11.25"]
[SourceQuality "1"]
[WhiteTeam "Tisice"]
[BlackTeam "Emerge MB B"]
[WhiteTeamCountry "CZE"]
[BlackTeamCountry "CZE"]

1. e4 e5 2. Nc3 Bc5 3. Bc4 d6 4. d3 h6 5. h3 a6 6. Nge2 Nc6 7. Nd5 Be6 8. c3 Nf6 9. 0-0 0-0 10. Kh2 Ba7 11. Ng3 Rc8 12. f4 Ng4+ 13. Kh1 Nf2+ 14. Rxf2 Bxf2 15. Nf5 Bxf5 16. exf5 Bh4 17. fxe5 Nxe5 18. Bb3 c6 19. Nf4 d5 20. d4 Nc4 21. Bc2 Re8 22. Nd3 Ne3 23. Bxe3 Rxe3 24. Ne5 Re1+ 0-1

[Event "CZE-ch Juniors op-A"]
[Site "Zlate Hory"]
[Date "2006.03.16"]
[Round "7"]
[White "Partl, Ondrej"]
[Black "Klain, Vaclav"]
[Result "1-0"]
[WhiteElo "1976"]
[BlackElo "1939"]
[PlyCount "69"]
[EventDate "2006.03.11"]
[EventType "swiss"]
[EventRounds "9"]
[EventCountry "CZE"]
[SourceTitle "EXT 2008"]
[Source "ChessBase"]
[SourceDate "2007.11.25"]
[SourceVersion "1"]
[SourceVersionDate "2007.11.25"]
[SourceQuality "1"]

1. e4 e5 2. Bc4 Nc6 3. Nc3 Nf6 4. d3 h6 5. f4 Bb4 6. a3 Bxc3+ 7. bxc3 d5 8. exd5 Bg4 9. Nf3 Nxd5 10. 0-0 0-0 11. Qe1 exf4 12. Bxd5 Qxd5 13. Bxf4 Bxf3 14. Rxf3 Rae8 15. Qg3 Qc5+ 16. Kh1 Qxc3 17. Raf1 Ne5 18. R3f2 Ng6 19. Bxc7 Re1 20. Bd6 Rxf1+ 21. Rxf1 Rd8 22. Bb4 Qxc2 23. Qf3 Rd7 24. d4 Qc4 25. Rd1 Qd5 26. Qg3 b6 27. h3 Kh7 28. Qd3 f5 29. Kh2 Nf4 30. Qd2 g5 31. g3 Ne6 32. Bc3 f4 33. Qd3+ Kg7 34. Rd2 Nc5 35. dxc5+ 1-0

[Event "CZE-ch Juniors op-A"]
[Site "Zlate Hory"]
[Date "2006.03.13"]
[Round "3"]
[White "Hejl, Jaroslav"]
[Black "Klain, Vaclav"]
[Result "1/2-1/2"]
[WhiteElo "2108"]
[BlackElo "1939"]
[PlyCount "97"]
[EventDate "2006.03.11"]
[EventType "swiss"]
[EventRounds "9"]
[EventCountry "CZE"]
[SourceTitle "EXT 2008"]
[Source "ChessBase"]
[SourceDate "2007.11.25"]
[SourceVersion "1"]
[SourceVersionDate "2007.11.25"]
[SourceQuality "1"]

1. d4 d5 2. c4 c6 3. Nc3 Nf6 4. Nf3 e6 5. Bg5 Be7 6. e3 0-0 7. cxd5 exd5 8. Qc2 h6 9. Bf4 Re8 10. Bd3 Nbd7 11. 0-0 Nf8 12. Rab1 Bd6 13. Bxd6 Qxd6 14. b4 b5 15. Rfc1 Bb7 16. a4 a6 17. a5 N8d7 18. Ne2 Ne4 19. Nd2 Qe7 20. f3 Nxd2 21. Qxd2 Qxe3+ 22. Qxe3 Rxe3 23. Bf5 Rxe2 24. Bxd7 Rd2 25. Rd1 Rxd1+ 26. Rxd1 Rd8 27. Bf5 Re8 28. Kf2 g6 29. Bd7 Re7 30. Bh3 f5 31. g3 Kf7 32. Bf1 g5 33. Bd3 Bc8 34. Rc1 Bd7 35. Re1 Be6 36. Re5 Kf6 37. Ke3 h5 38. f4 Rg7 39. Be2 h4 40. fxg5+ Rxg5 41. Kf4 hxg3 42. hxg3 Rg8 43. Bd1 Bd7 44. Be2 Be6 45. Bd1 Rh8 46. Bf3 Bd7 47. Re2 Rh3 48. Re1 Rh2 49. Re2 1/2-1/2

[Event "CZE-ch Juniors op-A"]
[Site "Zlate Hory"]
[Date "2006.03.11"]
[Round "1"]
[White "Gutman, Petr"]
[Black "Klain, Vaclav"]
[Result "1-0"]
[WhiteElo "2124"]
[BlackElo "1939"]
[PlyCount "109"]
[EventDate "2006.03.11"]
[EventType "swiss"]
[EventRounds "9"]
[EventCountry "CZE"]
[SourceTitle "EXT 2008"]
[Source "ChessBase"]
[SourceDate "2007.11.25"]
[SourceVersion "1"]
[SourceVersionDate "2007.11.25"]
[SourceQuality "1"]

1. c4 d5 2. cxd5 Nf6 3. Nc3 Nxd5 4. g3 g6 5. Bg2 c6 6. d4 Bg7 7. e4 Nb6 8. Nge2 0-0 9. 0-0 N8d7 10. f4 Nf6 11. h3 e6 12. b3 Qe7 13. a4 Rd8 14. Ba3 Qe8 15. a5 Nbd7 16. Qc1 b6 17. e5 Nd5 18. Ne4 Nb8 19. Nd6 Qd7 20. Nc3 Ba6 21. Rf2 Bf8 22. Nce4 Bd3 23. Ng5 Bxd6 24. Bxd6 Na6 25. Qd2 Bb5 26. g4 h6 27. Ne4 f5 28. exf6 Qf7 29. Be5 c5 30. axb6 axb6 31. f5 exf5 32. gxf5 g5 33. h4 Nab4 34. Rxa8 Rxa8 35. Nd6 Ra1+ 36. Kh2 Qh5 37. Nxb5 Qxh4+ 38. Bh3 Ra2 39. Qxa2 Nxa2 40. Rxa2 Nxf6 41. Bxf6 Qf4+ 42. Kg1 Qg3+ 43. Bg2 Qe1+ 44. Bf1 Qg3+ 45. Rg2 Qe3+ 46. Rf2 Qg3+ 47. Bg2 Qxb3 48. Nc7 Kf8 49. Be5 Qd1+ 50. Rf1 Qg4 51. f6 Kf7 52. Nb5 cxd4 53. Nd6+ Ke6 54. f7 Kxe5 55. f8Q 1-0

[Event "CZE Juniorcentrum op-A"]
[Site "Sec u Chrudimi"]
[Date "2005.10.26"]
[Round "6"]
[White "Matejovsky, Ondrej"]
[Black "Klain, Vaclav"]
[Result "1-0"]
[WhiteElo "2110"]
[BlackElo "1945"]
[PlyCount "87"]
[EventDate "2005.10.22"]
[EventType "swiss"]
[EventRounds "9"]
[EventCountry "CZE"]
[SourceTitle "EXT 2008"]
[Source "ChessBase"]
[SourceDate "2007.11.25"]
[SourceVersion "1"]
[SourceVersionDate "2007.11.25"]
[SourceQuality "1"]

1. e4 e5 2. Nf3 Nf6 3. Nc3 Bb4 4. Nxe5 Qe7 5. Nf3 Nxe4 6. Nxe4 Qxe4+ 7. Qe2 d5 8. c3 Bd6 9. d4 Bg4 10. Qxe4+ dxe4 11. Nd2 f5 12. Nc4 Bh5 13. Nxd6+ cxd6 14. Bb5+ Ke7 15. Bg5+ Ke6 16. c4 Be8 17. d5+ Kf7 18. Rc1 Bd7 19. Bf4 Ke7 20. 0-0 a6 21. Bxd7 Nxd7 22. f3 exf3 23. Rfe1+ Kf6 24. Re6+ Kf7 25. Bxd6 Rhe8 26. Rce1 Nf6 27. gxf3 b5 28. b3 bxc4 29. bxc4 Rec8 30. Re7+ Kg6 31. Kf2 Rxc4 32. Rg1+ Kh5 33. Rexg7 h6 34. Rf7 Rc2+ 35. Ke3 Nxd5+ 36. Kd3 Rc3+ 37. Kd4 Rxf3 38. Kxd5 Rd8 39. Rf6 Rf2 40. Rgg6 Rd2+ 41. Ke5 Rxa2 42. Rxh6+ Kg4 43. Rfg6+ Kf3 44. Rh3+ 1-0

[Event "CZE Juniorcentrum op-A"]
[Site "Sec u Chrudimi"]
[Date "2005.10.24"]
[Round "3"]
[White "Klain, Vaclav"]
[Black "Burgermeister, Michal"]
[Result "1-0"]
[WhiteElo "1945"]
[BlackElo "1919"]
[PlyCount "49"]
[EventDate "2005.10.22"]
[EventType "swiss"]
[EventRounds "9"]
[EventCountry "CZE"]
[SourceTitle "EXT 2008"]
[Source "ChessBase"]
[SourceDate "2007.11.25"]
[SourceVersion "1"]
[SourceVersionDate "2007.11.25"]
[SourceQuality "1"]

1. e4 g6 2. d4 Bg7 3. Nf3 d6 4. h3 Nf6 5. Nc3 0-0 6. Bc4 c6 7. a4 Nbd7 8. Be3 Qc7 9. 0-0 e5 10. Qd2 exd4 11. Nxd4 Nc5 12. f3 Ne6 13. Nde2 a5 14. f4 Nc5 15. Ng3 Re8 16. e5 Nfd7 17. exd6 Qd8 18. f5 Qh4 19. fxg6 Rxe3 20. gxf7+ Kh8 21. Nf5 Qxc4 22. Qxe3 Qxf7 23. Qe7 Qg8 24. Nxg7 Qxg7 25. Rf7 1-0